[Event "Pan American-ch U1700"]
[Site "Timbo"]
[Date "2021.12.03"]
[Round "5"]
[White "Roeder, Larissa Taina"]
[Black "Goncalves, Yuri Nikollas"]
[Result "0-1"]
[WhiteElo "1696"]
[BlackElo "1355"]
[PlyCount "104"]
[EventDate "2021.12.01"]
[EventType "swiss"]
[EventRounds "9"]
[EventCountry "BRA"]
[SourceTitle "CBM 205 Extra"]
[Source "ChessBase"]
[SourceDate "2022.01.31"]
[SourceVersion "1"]
[SourceVersionDate "2022.01.31"]
[SourceQuality "1"]

1. e4 c5 2. Bc4 e6 3. c3 Nf6 4. d3 a6 5. Nf3 d6 6. Bg5 Be7 7. Nbd2 0-0 8. 0-0 Nbd7 9. Re1 b5 10. Bb3 Bb7 11. Bc2 Rc8 12. e5 Bxf3 13. Nxf3 dxe5 14. Nxe5 Qc7 15. Nxd7 Qxd7 16. d4 cxd4 17. Rc1 Rfd8 18. cxd4 g6 19. b3 Nd5 20. Bxe7 Qxe7 21. Qd2 Rc3 22. Bb1 Rdc8 23. Rxc3 Rxc3 24. Rc1 b4 25. Be4 Qc7 26. Rc2 Rxc2 27. Qxc2 Qxc2 28. Bxc2 Nc3 29. Bd3 a5 30. Kf1 Nxa2 31. Ke1 Nc3 32. Kd2 Kf8 33. h3 Ke7 34. g4 h6 35. f4 Nd5 36. f5 exf5 37. gxf5 g5 38. Bc4 Nf4 39. Bf1 Kf6 40. Ke3 Kxf5 41. Bd3+ Ke6 42. Bc4+ Nd5+ 43. Ke4 f5+ 44. Kf3 Kd6 45. Kg3 f4+ 46. Kf3 Nf6 47. Kf2 Ne4+ 48. Ke2 Nf6 49. Kd3 h5 50. Ke2 Ne4 51. Ke1 f3 52. Kf1 Nd2+ 0-1

[Event "Timbo op"]
[Site "Timbo"]
[Date "2021.06.13"]
[Round "5"]
[White "Souza, Ramon Santana De"]
[Black "Goncalves, Yuri Nikollas"]
[Result "1-0"]
[WhiteElo "1819"]
[BlackElo "1331"]
[PlyCount "65"]
[EventDate "2021.06.11"]
[EventType "swiss"]
[EventRounds "6"]
[EventCountry "BRA"]
[SourceTitle "EXT 2022"]
[Source "ChessBase"]
[SourceDate "2021.10.06"]
[SourceVersion "1"]
[SourceVersionDate "2021.10.06"]
[SourceQuality "1"]

1. e4 c5 2. Nf3 d6 3. Bb5+ Nd7 4. c3 Ngf6 5. Qe2 a6 6. Bxd7+ Bxd7 7. 0-0 e6 8. d3 Be7 9. a4 Qc7 10. Nbd2 0-0 11. a5 Bc6 12. Re1 Nd7 13. Nc4 b5 14. axb6 Nxb6 15. Na5 Rac8 16. Bf4 Bd7 17. b3 e5 18. Bg3 Be6 19. Nd2 Rfe8 20. Rec1 Qd7 21. f4 exf4 22. Bxf4 Bf6 23. Qf3 Bg4 24. Qg3 Be5 25. Bxe5 dxe5 26. Ndc4 Nxc4 27. Nxc4 Qe6 28. Nxe5 Bh5 29. Nc4 Rcd8 30. Qe3 f5 31. Qxc5 fxe4 32. Qxh5 Rxd3 33. Ra5 1-0

[Event "Sao Bento do Sul op 4th"]
[Site "Sao Bento do Sul"]
[Date "2020.11.01"]
[Round "4"]
[White "Peroza, Eduardo Antunes"]
[Black "Goncalves, Yuri Nikollas"]
[Result "1-0"]
[WhiteElo "1830"]
[BlackElo "1333"]
[PlyCount "41"]
[EventDate "2020.10.31"]
[EventType "swiss"]
[EventRounds "6"]
[EventCountry "BRA"]
[SourceTitle "EXT 2022"]
[Source "ChessBase"]
[SourceDate "2021.10.06"]
[SourceVersion "1"]
[SourceVersionDate "2021.10.06"]
[SourceQuality "1"]

1. e4 c5 2. Nf3 e6 3. c3 d6 4. Bd3 Nf6 5. Bc2 Be7 6. 0-0 0-0 7. d4 Nbd7 8. e5 dxe5 9. dxe5 Nd5 10. Qd3 g6 11. Rd1 Qc7 12. Qe2 b6 13. a3 Bd8 14. c4 Ne7 15. Nc3 a6 16. Bh6 Re8 17. Ne4 Nf5 18. Bf4 Be7 19. g4 Ng7 20. Bg3 Bb7 21. Nf6+ 1-0